| 000 | 00380nam a22001217a 4500 | ||
|---|---|---|---|
| 082 | _a200 THE | ||
| 100 |
_aMUHAMMAD AZIZ UL HAQ _969931 |
||
| 245 | _aTH-SOF-1344-Indoor localization using Machine learning | ||
| 260 |
_aIslamabad _bNUST College of EME _c2016 |
||
| 650 | _a MS-ELECT-79 MSTHESIS | ||
| 700 |
_a Supervisor DR. HAMMID MEHMOOD ALLAH DITTA KAMBOH _969932 |
||
| 942 | _cCF | ||
| 999 |
_c577010 _d577010 |
||